000 00760aas a2200217 4500
999 _c1458
_d1458
003 BR-BrBNA
005 20230317233206.0
007 ta
008 230119b bl ||||| |||| 00| 0 por d
035 _a000485-5
040 _aBR-BrBNA
_bPor
_cBR-BrBNA
042 _a013464-3
044 _abl
245 _aBoletim Mensal do Observatório do Rio de Janeiro (Brazil)
260 _aRio de Janeiro-RJ
_bMinistério da Indústria, Viação e Obras Públicas - Observatório do Rio de Janeiro
_c1904. Data final de publicação em 1908
_eBRJ
310 _atrimestral (de três em três meses)
505 _a1904-05 (jan-dez); 1906 (jan-jun,out-dez); 1907 (jan-dez); 1908 (jan-jun);
650 1 2 _gOBSERVATORIOS ASTRONOMICOS
909 _a56
_bSergio Santos
_c56
_dSergio Santos
942 _cCR
_2AGRIS